00565nam a22001937a 450000500170000001000130001702000220003003700160005204000120006808200130008010000190009324500700011226000280018227000420021030000320025250000510028465000130033565000230034820170124105945.0 aA-680582 c00.00a0415051819 bCen Lib/Ret aDPLbEN a230bLIP aLipner, Julius aHindus :cby Julius Lipnerbtheir religious belifs and prctices / bRoutledgeaLondonc1994 a11 New Fetter LanebLondoneEC4P 4EE  axiii,375p. c21m(Hb) aIncludes bibliographical references and index. aHinduism aHindus Philosophy